000 02050nam a22002657a 4500
001 653
003 UA-OsUOA
005 20210916115538.0
007 ta
008 20050623b un ||||| |||| 00| 0 ukr d
020 _a9660601697
040 _aUA-OsUOA
_bukr
_cUA-OsUOA
_dUA-OsUOA
041 _aukr
080 _a94(100)
090 _a94(100)
_bЧ-74
100 _aЧмихов М.
245 _aВід яйця-райця до ідеї Спасителя
_bмонографія
_cМикола Чмихов
260 _aК.
_bЛибідь
_c2001
300 _a432 с.
505 0 0 _aЗміст 1. Обидва кінці часу 2. Щаблі епох 3. "Віки" і потопи 4. Дати в символах 5. Безсмертний "закон"
520 3 _a У книзі відтворено споконвічний пошук розв’язання питання про місце і роль людства у житті Всесвіту. Аналізуються особливості взаємовпливів суспільства й довкілля у давнину, формування найдавнішої системи світогляду та її вершини – космології. Автор пропонує оригінальні концепції визначення прабатьківщини індоєвропейців та їх складової частини – предків слов’ян, дає характеристику основних рис язичництва Русі. Дослідження базується на матеріалах археології, етнографії, міфології, філософських учень, астрономії. Для науковців, викладачів, студентів, усіх, хто цікавиться історією матеріальної та духовної культури.
650 7 _a9 Географія. Біографії. Історія
_2UDC
942 _cBK
_2udc
955 _a1
999 _c286818
_d286818